George Grosz.

Bibliographic Details
Main Author: Hess, Hans, 1907-1975
Format: Book
Language:English
Published: New York : Macmillan, [1974]
Edition:[1st American ed.].
Subjects:

MARC

Tag First Indicator Second Indicator Subfields
LEADER 00000pam a2200000 4500
001 in00000257523
005 20151010053636.0
008 740415r1974 nyua b 00100 eng
010 |a  74007414  
020 |a 0025512706  |c $22.50 
035 |a (OCoLC)00897983 
035 |9 ABC5240AM 
040 |a DLC  |c DLC  |d TXA  |d UtOrBLW 
043 |a e-gx--- 
049 |a TXAM  |c 1 [1531927], 2 [1113657] 
050 0 0 |a NC1509.G78  |b H47 1974 
082 0 |a 741.5/943 
100 1 |a Hess, Hans,  |d 1907-1975. 
245 1 0 |a George Grosz. 
250 |a [1st American ed.]. 
264 1 |a New York :  |b Macmillan,  |c [1974] 
300 |a 272 pages :  |b illustrations (part color) ;  |c 29 cm. 
336 |a text  |b txt  |2 rdacontent 
337 |a unmediated  |b n  |2 rdamedia 
338 |a volume  |b nc  |2 rdacarrier 
504 |a Bibliography: pages 266-270. 
600 1 0 |a Grosz, George,  |d 1893-1959. 
650 0 |a Politics in art. 
650 0 |a German wit and humor, Pictorial. 
999 |a MARS 
999 f f |s 77de0654-e119-34c1-a4f1-69b20929f71d  |i e856b6a5-589c-330d-b11d-7a1c81302636  |t 0 
952 f f |p storage  |a Texas A&M University  |b J.J. Pickle Campus  |c High Density Repository  |d Remote Storage  |t 0  |e NC1509.G78 H47 1974  |h Library of Congress classification  |i unmediated -- volume  |m A14803468521 
952 f f |p normal  |a Texas A&M University  |b College Station  |c Sterling C. Evans Library  |d Evans: Library Stacks  |t 0  |e NC1509.G78 H47 1974  |h Library of Congress classification  |i unmediated -- volume  |m A14803468513 
998 f f |a NC1509.G78 H47 1974  |t 0  |l Remote Storage 
998 f f |a NC1509.G78 H47 1974  |t 0  |l Evans: Library Stacks